ا سر ا ر محبت (Record no. 170968)

MARC details
000 -LEADER
fixed length control field 00709nam a22001937a 4500
005 - DATE AND TIME OF LATEST TRANSACTION
control field 20200101102342.0
010 ## - LCCN (DPL NO)
LC control number A-511321
020 ## - INTERNATIONAL STANDARD BOOK NUMBER
Terms of availability 100.00
International Standard Book Number -
035 ## - SYSTEM CONTROL NUMBER
System control number A-511321
037 ## - SOURCE OF ACQUISITION
Source of stock number/acquisition BPPD
082 ## - DEWEY DECIMAL CLASSIFICATION NUMBER
Classification number 841
100 ## - MAIN ENTRY--PERSONAL NAME
Personal name صو فی جے ا يم ر ہبر
245 ## - TITLE STATEMENT
Title ا سر ا ر محبت
Statement of responsibility, etc صو فی جے ا يم ر ہبر
246 ## - VARYING FORM OF TITLE
Title proper/short title Israr-e-Mohabat (Urdu)
Remainder of title by Sufi J.M.Rehber
260 ## - PUBLICATION, DISTRIBUTION, ETC. (IMPRINT)
Place of publication, distribution, etc Lucknow
Date of publication, distribution, etc 1992 ء
Name of publisher, distributor, etc Sufi J.M.Rehber
270 ## - ADDRESS
Address Mohd.Yaseen Bartan Wale,D-52,Gali-1,Mohan puri Yamuna Vihar Road,Gonda
City Delhi
Telephone number -
Postal code 110053
300 ## - PHYSICAL DESCRIPTION
Extent 166 ص
Dimensions 22 cm(hb)
942 ## - ADDED ENTRY ELEMENTS (KOHA)
Source of classification or shelving scheme Dewey Decimal Classification
Item type Urdu Bks
Classification part 841
Call number suffix ر ہ ب
Holdings
Withdrawn status Lost status Not for loan Collection code Home library Current library Date acquired Source of acquisition Cost, normal purchase price Full call number Barcode Copy number Cost, replacement price Koha item type
      Non-fiction Central Library Central Library 31/12/2019 BPPD/Ven. 100.00 841 ر ہ ب A-511321 1 100.00 Urdu Bks

© Delhi Public Library
Hit Counter
free hit counter